000 00231 a2200085 4500
020 _a9781909932463
100 _aRoelof Louw
245 _aFive Sites for Five Sculptures: Roelof Louw and British Sculpture
260 _bRidinghouse
_c2019
999 _c13223
_d13223